<?xml version="1.0" encoding="UTF-8"?>
<record
    xmlns:xsi="http://www.w3.org/2001/XMLSchema-instance"
    xsi:schemaLocation="http://www.loc.gov/MARC21/slim http://www.loc.gov/standards/marcxml/schema/MARC21slim.xsd"
    xmlns="http://www.loc.gov/MARC21/slim">

  <leader>00415nam a2200157Ia 4500</leader>
  <controlfield tag="008">231217s9999    xx            000 0 und d</controlfield>
  <datafield tag="041" ind1=" " ind2=" ">
    <subfield code="a">English</subfield>
  </datafield>
  <datafield tag="082" ind1=" " ind2=" ">
    <subfield code="a">620.3  STE;4</subfield>
  </datafield>
  <datafield tag="100" ind1=" " ind2=" ">
    <subfield code="a">Steidel, Robert F</subfield>
  </datafield>
  <datafield tag="245" ind1=" " ind2="3">
    <subfield code="a">An introduction to mechanical vibrations</subfield>
  </datafield>
  <datafield tag="250" ind1=" " ind2=" ">
    <subfield code="a">3rd ed. </subfield>
  </datafield>
  <datafield tag="260" ind1=" " ind2=" ">
    <subfield code="c">1989</subfield>
    <subfield code="b">John Wiley</subfield>
  </datafield>
  <datafield tag="300" ind1=" " ind2=" ">
    <subfield code="a">xviii+439</subfield>
  </datafield>
  <datafield tag="650" ind1=" " ind2=" ">
    <subfield code="a">Mechanical vibration Vibration,mechanical</subfield>
  </datafield>
  <datafield tag="942" ind1=" " ind2=" ">
    <subfield code="c">AA</subfield>
  </datafield>
  <datafield tag="999" ind1=" " ind2=" ">
    <subfield code="c">161978</subfield>
    <subfield code="d">161978</subfield>
  </datafield>
  <datafield tag="952" ind1=" " ind2=" ">
    <subfield code="r">2024-01-26 00:00:00</subfield>
    <subfield code="l">0</subfield>
    <subfield code="o">620.3  STE;4</subfield>
    <subfield code="p">3681</subfield>
    <subfield code="v">232.37</subfield>
    <subfield code="w">2024-01-26</subfield>
    <subfield code="y">AA</subfield>
    <subfield code="1">0</subfield>
    <subfield code="4">0</subfield>
    <subfield code="7">0</subfield>
    <subfield code="8">CL</subfield>
    <subfield code="0">0</subfield>
    <subfield code="a">ML</subfield>
    <subfield code="b">ML</subfield>
    <subfield code="d">1991-08-13</subfield>
    <subfield code="e">Wiley Eastern</subfield>
    <subfield code="g">8.45</subfield>
    <subfield code="E">ME</subfield>
    <subfield code="K">30848</subfield>
    <subfield code="L">16/12/1992</subfield>
    <subfield code="G">USD</subfield>
    <subfield code="F">27.5</subfield>
    <subfield code="V">0</subfield>
    <subfield code="W">0</subfield>
  </datafield>
  <datafield tag="952" ind1=" " ind2=" ">
    <subfield code="r">2024-01-26 00:00:00</subfield>
    <subfield code="l">0</subfield>
    <subfield code="o">620.3  STE;3</subfield>
    <subfield code="p">3682</subfield>
    <subfield code="v">232.37</subfield>
    <subfield code="w">2024-01-26</subfield>
    <subfield code="y">AA</subfield>
    <subfield code="z">Missing 2015</subfield>
    <subfield code="1">0</subfield>
    <subfield code="4">0</subfield>
    <subfield code="7">0</subfield>
    <subfield code="8">CL</subfield>
    <subfield code="0">0</subfield>
    <subfield code="a">ML</subfield>
    <subfield code="b">ML</subfield>
    <subfield code="d">1991-08-13</subfield>
    <subfield code="e">Wiley Eastern</subfield>
    <subfield code="g">8.45</subfield>
    <subfield code="E">ME</subfield>
    <subfield code="K">30848</subfield>
    <subfield code="L">16/12/1992</subfield>
    <subfield code="G">USD</subfield>
    <subfield code="F">27.5</subfield>
    <subfield code="V">0</subfield>
    <subfield code="W">0</subfield>
  </datafield>
  <datafield tag="952" ind1=" " ind2=" ">
    <subfield code="r">2024-01-26 00:00:00</subfield>
    <subfield code="l">0</subfield>
    <subfield code="o">620.3  STE</subfield>
    <subfield code="p">3683</subfield>
    <subfield code="v">232.37</subfield>
    <subfield code="w">2024-01-26</subfield>
    <subfield code="y">AA</subfield>
    <subfield code="1">0</subfield>
    <subfield code="4">0</subfield>
    <subfield code="7">0</subfield>
    <subfield code="8">CL</subfield>
    <subfield code="0">0</subfield>
    <subfield code="a">ML</subfield>
    <subfield code="b">ML</subfield>
    <subfield code="d">1991-08-13</subfield>
    <subfield code="e">Wiley Eastern</subfield>
    <subfield code="g">8.45</subfield>
    <subfield code="E">ME</subfield>
    <subfield code="K">30848</subfield>
    <subfield code="L">16/12/1992</subfield>
    <subfield code="G">USD</subfield>
    <subfield code="F">27.5</subfield>
    <subfield code="V">0</subfield>
    <subfield code="W">0</subfield>
  </datafield>
  <datafield tag="952" ind1=" " ind2=" ">
    <subfield code="r">2024-01-26 00:00:00</subfield>
    <subfield code="l">0</subfield>
    <subfield code="o">620.3  STE;2</subfield>
    <subfield code="p">4320</subfield>
    <subfield code="v">255.35</subfield>
    <subfield code="w">2024-01-26</subfield>
    <subfield code="y">AA</subfield>
    <subfield code="1">0</subfield>
    <subfield code="4">0</subfield>
    <subfield code="7">0</subfield>
    <subfield code="8">CL</subfield>
    <subfield code="0">0</subfield>
    <subfield code="a">ML</subfield>
    <subfield code="b">ML</subfield>
    <subfield code="d">1992-12-19</subfield>
    <subfield code="e">Educational Supplies</subfield>
    <subfield code="g">9.45</subfield>
    <subfield code="E">ME</subfield>
    <subfield code="K">19497</subfield>
    <subfield code="L">12/08/1993</subfield>
    <subfield code="G">USD</subfield>
    <subfield code="F">31.8</subfield>
    <subfield code="V">1.42</subfield>
    <subfield code="W">15</subfield>
  </datafield>
  <datafield tag="952" ind1=" " ind2=" ">
    <subfield code="r">2024-01-26 00:00:00</subfield>
    <subfield code="l">0</subfield>
    <subfield code="o">620.3  STE;1</subfield>
    <subfield code="p">4321</subfield>
    <subfield code="v">255.35</subfield>
    <subfield code="w">2024-01-26</subfield>
    <subfield code="y">AA</subfield>
    <subfield code="1">0</subfield>
    <subfield code="4">0</subfield>
    <subfield code="7">0</subfield>
    <subfield code="8">CL</subfield>
    <subfield code="0">0</subfield>
    <subfield code="a">ML</subfield>
    <subfield code="b">ML</subfield>
    <subfield code="d">1992-12-19</subfield>
    <subfield code="e">Educational Supplies</subfield>
    <subfield code="g">9.45</subfield>
    <subfield code="E">ME</subfield>
    <subfield code="K">19497</subfield>
    <subfield code="L">12/08/1993</subfield>
    <subfield code="G">USD</subfield>
    <subfield code="F">31.8</subfield>
    <subfield code="V">1.42</subfield>
    <subfield code="W">15</subfield>
  </datafield>
</record>
